000 00881nam a2200289Ia 4500
005 20251020182541.0
008 200515s9999 xx 000 0 und d
020 _a978-84-9801-631-4
082 _a729/B89
100 _aBrown, Rachael
100 _aFarrelly, Lorraine
245 0 _aMateriales en interiorismo
260 _aBarcelona
260 _bBlume
260 _c2012
300 _a192 p
300 _bil.
500 _a1 ejemplar
520 _aEntender los materiales es la clave para que la creación de un interior sea un éxito. El texto abarca todos los aspectos de sus uso en el diseño de interiores e introduce formas alternativas para desarrollar un concepto, una selección, una aplicación, re
650 _aCERAMICOS
650 _aMADERA
650 _aMETALES
650 _aPIEDRA
650 _aPOLIMEROS
942 _cLIB
999 _c2388
_d2388